Welcome to CU Library Online Public Access Catalogue (OPAC)

Calculus/ (Record no. 1469)

MARC details
000 -LEADER
fixed length control field 00631nam a22001937a 4500
005 - DATE AND TIME OF LATEST TRANSACTION
control field 20241122171137.0
008 - FIXED-LENGTH DATA ELEMENTS--GENERAL INFORMATION
fixed length control field 241122b |||||||| |||| 00| 0 eng d
020 ## - INTERNATIONAL STANDARD BOOK NUMBER
International Standard Book Number 9780395885772
050 ## - LIBRARY OF CONGRESS CALL NUMBER
Classification number QA303
Item number .L33
100 ## - MAIN ENTRY--PERSONAL NAME
Personal name Larson, Roland E.
245 ## - TITLE STATEMENT
Title Calculus/
Remainder of title with analytic geometry
Statement of responsibility, etc. Roland E. Larson, Robert P. Hostetler, Bruce H. Edwards, assisted by David E. Heyd
250 ## - EDITION STATEMENT
Edition statement 6th Ed.
260 ## - PUBLICATION, DISTRIBUTION, ETC.
Place of publication, distribution, etc. Boston
Name of publisher, distributor, etc. Houghton Mifflin Company
Date of publication, distribution, etc. 1998
300 ## - PHYSICAL DESCRIPTION
Extent xxxvii.1106.208p.
Other physical details ill. some color
Dimensions 26.5cm
650 ## - SUBJECT ADDED ENTRY--TOPICAL TERM
Source of heading or term Calculus
700 ## - ADDED ENTRY--PERSONAL NAME
Personal name Hostetler, Robert P.
700 ## - ADDED ENTRY--PERSONAL NAME
Personal name Edwards, Bruce H.
942 ## - ADDED ENTRY ELEMENTS (KOHA)
Source of classification or shelving scheme Library of Congress Classification
Koha item type Books
Edition 6th ed.
Suppress in OPAC No
999 ## -
-- 1469
-- 1469
Holdings
Withdrawn status Lost status Source of classification or shelving scheme Damaged status Not for loan Collection Home library Current library Shelving location Date acquired Total checkouts Full call number Barcode Date last seen Copy number Price effective from Koha item type
    Library of Congress Classification     Non-fiction Science Library (Miotso) Science Library (Miotso) General stacks 11/22/2024   QA303 .L33 LAR SLM00000772 11/22/2024 1 11/22/2024 Books
© 2023-2024 Copyright: Central University Libraries. All Rights Reserved | Created by: Mahone Tech Office